01869nam a22003617a 4500003000400000005001700004008004100021040002200062082001500084110003300099245001400132260006200146300001800208366000800226490002300234505024600257505021200503505001000715505017700725505001500902650004600917650004400963650005201007650004801059650004701107650004701154650004601201650004901247651004501296942002601341999001501367952012501382OSt20230525105547.0221006b |||||||| |||| 00| 0 eng d cBiblioteca Lado V a700bG599h 9831aGoethe-InstituteEditor aHumboldt/ bSDV Saarbrucker Druckerei und Verlag GmbHc2002aAlemania c21x28cma85p. espa a135v44x0018-7615 aRompiendo LimitesgEl destruido flujo del tiempo Sobre las raíces del terrorismo Bienvenidos al desierto de lo real Joseph Beuys y el World Trade Center Antes y despues de los antentados Alfonbras afganas Los otros 11 de septiembre  aTrascendiento fronterasgOttmar Ette Navid Kermani Richard Rorty Sabine Kebir Gotthold Ephraim Lessing Wolfgang Burgmer Charles F. Fraker Matthias Jager Thomas Macho Martina Meister Klaus Erforth  aNotas aMiscelaneagUna casa de oración para todos los pueblos Una historia familiar como la novela del siglo XX Argentina es tu futuro! Sobre el arte de hablar con la pared  aNoticiario 2Tesauro de Arte & ArquitecturaaARTE9703 2Tesauro de Arte & ArquitecturaaPINTURA 2Tesauro de Arte & ArquitecturaaFOTOGRAFIA9702 2Tesauro de Arte & ArquitecturaaENTREVISTAS 2Tesauro de Arte & ArquitecturaaMISCELANEA 2Tesauro de Arte & ArquitecturaaREPORTAJES 2Tesauro de Arte & ArquitecturaaESPAÑOL 2Tesauro de Arte & ArquitecturaaARTE EUROPEO 2Tesauro de Arte & ArquitecturaaALEMANIA 2ddcc1h700iG599cn0 c3735d3735 00102ddc34440708RevistasaLVbLVd2023-05-25h135i003408l0o700 G599hp003408r2023-05-25 00:00:00w2023-05-25y1